Loading...
| History - Other | 0 | 7 | 0 | 1 | 70 | 71 | 99.14 | 0 | 3 | 0.00 | 0.00 |
| History - American | 0 | 7 | 1 | 1 | 65 | 88 | 111.86 | 0 | 0 | 0.00 | 0.00 |
| History - European | 0 | 7 | 1 | 1 | 65 | 73 | 106.29 | 1 | 2 | 0.00 | 0.00 |
| History - World | 0 | 6 | 0 | 0 | 60 | 41 | 83.67 | 1 | 3 | 0.00 | 0.00 |
| Mythology | 0 | 6 | 0 | 0 | 60 | 20 | 61.50 | 1 | 4 | 0.00 | 0.00 |
| Social Science | 0 | 5 | 1 | 0 | 45 | 36 | 79.80 | 0 | 3 | 0.00 | 0.00 |
| Religion | 0 | 4 | 0 | 0 | 40 | 86 | 109.25 | 1 | 1 | 0.00 | 0.00 |
| Science - Chemistry | 0 | 3 | 0 | 0 | 30 | 99 | 110.67 | 0 | 0 | 0.00 | 0.00 |
| Philosophy | 0 | 3 | 1 | 0 | 25 | 111 | 115.33 | 0 | 0 | 0.00 | 0.00 |
| Fine Arts - Classical Music | 0 | 2 | 0 | 1 | 20 | 44 | 77.00 | 1 | 1 | 0.00 | 0.00 |
| Fine Arts - Other | 0 | 2 | 0 | 0 | 20 | 89 | 100.00 | 0 | 0 | 0.00 | 0.00 |
| Geography/Current Events | 0 | 2 | 0 | 0 | 20 | 102 | 111.50 | 0 | 0 | 0.00 | 0.00 |
| Other Academic | 0 | 2 | 0 | 0 | 20 | 89 | 103.50 | 0 | 0 | 0.00 | 0.00 |
| Science - Biology | 0 | 3 | 2 | 0 | 20 | 90 | 102.67 | 0 | 0 | 0.00 | 0.00 |
| Science - Other | 0 | 2 | 0 | 0 | 20 | 105 | 107.00 | 0 | 0 | 0.00 | 0.00 |
| Science - Physics | 0 | 2 | 1 | 0 | 15 | 121 | 122.50 | 0 | 0 | 0.00 | 0.00 |
| Literature - American | 0 | 1 | 0 | 0 | 10 | 120 | 120.00 | 0 | 1 | 0.00 | 0.00 |
| Fine Arts - Visual | 0 | 1 | 0 | 0 | 10 | 95 | 95.00 | 0 | 0 | 0.00 | 0.00 |
| Literature - European | 0 | 1 | 0 | 0 | 10 | 134 | 134.00 | 0 | 0 | 0.00 | 0.00 |
| Literature - British | 0 | 1 | 1 | 0 | 5 | 117 | 117.00 | 0 | 1 | 0.00 | 0.00 |